MEDICAL MICROBIOLOGY (Record no. 216107)

MARC details
000 -LEADER
fixed length control field 00453nam a22001817a 4500
008 - FIXED-LENGTH DATA ELEMENTS--GENERAL INFORMATION
fixed length control field 250916b |||||||| |||| 00| 0 eng d
020 ## - INTERNATIONAL STANDARD BOOK NUMBER
International Standard Book Number 978 1 259 85980 9
050 ## - LIBRARY OF CONGRESS CALL NUMBER
Classification number QP 46.S54 2018
100 ## - MAIN ENTRY--PERSONAL NAME
Personal name RYAN KENNETH
245 ## - TITLE STATEMENT
Title MEDICAL MICROBIOLOGY
250 ## - EDITION STATEMENT
Edition statement 7TH ED.
260 ## - PUBLICATION, DISTRIBUTION, ETC.
Place of publication, distribution, etc. NEW YORK
Name of publisher, distributor, etc. MC GRAW HILL
Date of publication, distribution, etc. 2018
300 ## - PHYSICAL DESCRIPTION
Extent X11,1041P.
500 ## - GENERAL NOTE
General note INCLUDES AN INDEX
650 ## - SUBJECT ADDED ENTRY
Topical term or geographic name entry element MICROBIOLOGY
942 ## - ADDED ENTRY ELEMENTS (KOHA)
Source of classification or shelving scheme Library of Congress Classification
Koha item type Long Loan Book
Holdings
Withdrawn status Lost status Source of classification or shelving scheme Damaged status Not for loan Collection Home library Current library Shelving location Date acquired Inventory number Total checkouts Full call number Barcode Date last seen Date last checked out Copy number Price effective from Koha item type
    Library of Congress Classification     Medicine Kisii University Library Kisii University Library On Display 09/16/2025 096652 2 QP 46.S54 2018 017806 03/23/2026 03/05/2026 4 09/16/2025 Long Loan Book
    Library of Congress Classification     Medicine Kisii University Library Kisii University Library   10/17/2025 097706 3 QP46.S54 2018 019610 04/11/2026 03/28/2026 C.5 10/17/2025 Long Loan Book
    Library of Congress Classification     Medicine Kisii University Library Kisii University Library   10/17/2025 096650   QP46.S54 2018 017808 10/17/2025   C.2 10/17/2025 Long Loan Book